<?xml version="1.0" encoding="UTF-8"?>
<record
    xmlns:xsi="http://www.w3.org/2001/XMLSchema-instance"
    xsi:schemaLocation="http://www.loc.gov/MARC21/slim http://www.loc.gov/standards/marcxml/schema/MARC21slim.xsd"
    xmlns="http://www.loc.gov/MARC21/slim">

  <leader>00852naa a2200169 i 4500</leader>
  <controlfield tag="001">10188</controlfield>
  <controlfield tag="003">KOSZ 005</controlfield>
  <controlfield tag="005">20180417122211.0</controlfield>
  <controlfield tag="008">180417s2007    pl           |100 0 pol  </controlfield>
  <datafield tag="040" ind1=" " ind2=" ">
    <subfield code="a">KOSZ 005/HR</subfield>
    <subfield code="c">KOSZ 005/HR</subfield>
  </datafield>
  <datafield tag="080" ind1=" " ind2=" ">
    <subfield code="a">94(438)</subfield>
  </datafield>
  <datafield tag="100" ind1="1" ind2=" ">
    <subfield code="a">PARTACZ, Czes&#x142;aw.</subfield>
    <subfield code="d">2007-2012.</subfield>
    <subfield code="b">Politechnika Koszali&#x144;ska - Instytut Polityki Spo&#x142;ecznej i Stosunk&#xF3;w Mi&#x119;dzynarodowych,</subfield>
    <subfield code="c">Zak&#x142;ad Europy &#x15A;rodkowej i Wschodniej.</subfield>
  </datafield>
  <datafield tag="245" ind1="1" ind2="0">
    <subfield code="a">Za&#x142;o&#x17C;enia ideologiczne budowy nacjonalistycznego pa&#x144;stwa ukrai&#x144;skiego wed&#x142;ug OUN /</subfield>
    <subfield code="c">Czes&#x142;aw Partacz.</subfield>
  </datafield>
  <datafield tag="655" ind1=" " ind2="0">
    <subfield code="a">Materia&#x142;y konferencyjne.</subfield>
  </datafield>
  <datafield tag="773" ind1="0" ind2=" ">
    <subfield code="i">W :</subfield>
    <subfield code="t">Akcja "Wis&#x142;a" : przyczyny, przebieg, konsekwencje : materia&#x142;y konferencji naukowej zorganizowanej 23-24 lutego 2007 r. w Przemy&#x15B;lu. -</subfield>
    <subfield code="d">Przemy&#x15B;l : Archiwum Pa&#x144;stwowe [etc.], 2007. -</subfield>
    <subfield code="g">s. 9-31</subfield>
    <subfield code="z">9788388172236 </subfield>
  </datafield>
  <datafield tag="942" ind1=" " ind2=" ">
    <subfield code="2">UKD</subfield>
    <subfield code="c">ROZ</subfield>
  </datafield>
  <datafield tag="999" ind1=" " ind2=" ">
    <subfield code="c">10188</subfield>
    <subfield code="d">10188</subfield>
  </datafield>
</record>
